FAO fisheries circular N892 Aquaculture extention services review: The Philippines

Αποθηκεύτηκε σε:
Λεπτομέρειες βιβλιογραφικής εγγραφής
Κύριος συγγραφέας: Herminio R Rabanal
Μορφή: Βιβλίο
Γλώσσα:Undetermined
Έκδοση: Rome FAO 1995
Θέματα:
Ετικέτες: Προσθήκη ετικέτας
Δεν υπάρχουν, Καταχωρήστε ετικέτα πρώτοι!
Thư viện lưu trữ: Trung tâm Học liệu Trường Đại học Cần Thơ
LEADER 00560nam a2200193Ia 4500
001 CTU_40114
008 210402s9999 xx 000 0 und d
082 |a 639 
082 |b C578/N892 
100 |a Herminio R Rabanal 
245 0 |a FAO fisheries circular N892 
245 0 |b Aquaculture extention services review: The Philippines 
245 0 |c Herminio R Rabanal, FAO 
260 |a Rome 
260 |b FAO 
260 |c 1995 
650 |a aquacuture 
904 |i Nguyễn Quang Điền, 001227 
980 |a Trung tâm Học liệu Trường Đại học Cần Thơ